Rīga für wissbegierige Reisende

Titel: Rīga für wissbegierige Reisende / Andris Kolbergs
Verfasser:
Veröffentlicht: Riga : Verf., 2003
Umfang: 640 S. : Ill.
Format: Buch
Sprache: Deutsch
Schlagworte:
ISBN: 9984548058
Buchumschlag
X
Lokale Klassifikation: 46 8 R 521 ; 46 2 B
alg: 11886231
001A    $03004:11-02-04 
001B    $01999:21-05-23 $t01:41:59.000 
001C    $06002:06-03-06 $t17:43:07.000 
001D    $03004:23-03-04 
001U    $0utf8 
001X    $00 
002@    $0Aau 
003@    $0118862316 
003O    $0163253833 $aOCoLC 
004A    $09984-548-05-8 
007A    $0118862316 $aHEB 
007G    $0DE02080D53B5F9B6C7536C12582C1002D2238 
007T    $0Herdhh118862316 
009P    $qapplication/pdf $A2 $3Inhaltsverzeichnis $uhttp://scans.hebis.de/HEBCGI/show.pl?11886231_toc.pdf $mV:DE-603;B:DE-Mb50 
010@    $ager 
011@    $a2003 
013H    $0z 
019@    $alv 
021A    $aRīga für wissbegierige Reisende $hAndris Kolbergs 
028A    $#Kolbergs, Andris $#Kolber, Andris $7119380781 $8Kolbergs, Andris$Z1938-2021 [Tp1] $9087720574 
033A    $pRiga $nVerf. 
034D    $a640 S. 
034M    $aIll. 
044K    $#Riga $#Rīga $#Ryga $#Riega $#Riga in Lieffland $#Rigae Livonum $#Rygae $#Righa $74050042-1 $8Riga [Tg1] $9085139726 
045F    $a910.94796 $eDDC23BSB 
045F/01 $a910 
045F/03 $g4796 
045G    $a796.094796 $eDDC23BSB 
045G/01 $a796.09 
045G/03 $g4796 

lok: 11886231 24
101B    $023-03-04 $t14:31:02.000 
101C    $023-03-04 
145Z/01 $a46 8 R 521 
145Z/02 $a46 2 B 
101U    $0utf8 

exp: 11886231 24 1 #EPN
201B/01 $023-03-04 $t14:31:02.000 
201C/01 $011-02-04 
203@/01 $0209150742 
208@/01 $a11-02-04 $bz 
209A/01 $a04.0806 $du $f050 $h04 0806 $x00 
209C/01 $a04.0806 K $h04 0806 K 
209G/01 $a70507536 $x00 
220C/01 $amar 
247C/01 $8358050-7 Marburg, Bibliothek des Herder-Instituts Marburg $9102600961 
201U/01 $0utf8 

lok: 11886231 78

exp: 11886231 78 1 #EPN
201B/01 $019-04-17 $t19:20:30.000 
201U/01 $0utf8 
203@/01 $0793783526 
208@/01 $a12-11-16 $be 
209A/01 $a/ $f000 $x00 
237A/01 $aweiterführende Signatur(en): Herder-Institut: 04.0806 
244Z/01 $2Trx $#Latvija $#Lettland $#Łotwa $#Lotyšsko $8--Trx--Latvija $x01 $9391275879 
244Z/01 $2Trx $#giidid $#kelionių vadovai $#travel guides $#úti kalauz $#przewodniki turystyczne $#sprievodcovia turistickí $#průvodce, turistika $8--Trx--Reiseführer $x02 $9391373587 
244Z/01 $2Trx $8--Trx--Monographie $x03 $9391384546 
245Z/01 $a11.03 $x01 
247C/01 $82080>Marburg/Lahn, Herder-Institut, Forschungsbibliothek, Bibliographieportal $9336309341
LEADER 00000cam a2200000 c 4500
001 118862316
003 DE-603
005 20230521014159.0
007 tu
008 040211s2003 xx |||| | u00||u|ger c
020 |a 9984548058 
035 |a (DE-599)HEB118862316 
035 |a (OCoLC)163253833 
040 |a DE-603  |b ger  |c DE-603  |d DE-603 
041 |a ger 
082 0 4 |8 1\u  |a 910.94796  |q DE-101  |2 23/BSB 
083 0 |8 2\u  |a 796.094796  |q DE-101  |2 23/BSB 
085 |8 1\u  |b 910 
085 |8 1\u  |z 2  |s 4796 
085 |8 2\u  |b 796.09 
085 |8 2\u  |z 2  |s 4796 
100 1 |a Kolbergs, Andris  |d 1938-2021  |0 (DE-603)087720574  |0 (DE-588)119380781  |2 gnd 
245 0 0 |a Rīga für wissbegierige Reisende  |c Andris Kolbergs 
264 1 |a Riga  |b Verf.  |c 2003 
300 |a 640 S.  |b Ill. 
651 7 |a Riga  |0 (DE-588)4050042-1  |0 (DE-603)085139726  |2 gnd 
856 4 2 |m V:DE-603;B:DE-Mb50  |q application/pdf  |u http://scans.hebis.de/HEBCGI/show.pl?11886231_toc.pdf  |3 Inhaltsverzeichnis 
924 0 |9 Mb 50  |a (DE-603)209150742  |b DE-Mb50  |c HES  |d c  |g 04.0806 
924 0 |9 2080  |a (DE-603)793783526  |b DE-2080  |c HES  |d d  |g /